BIBLIOTECA

SENCICO

Tecnología del concreto: eficiencia y competitividad en la construcción (Registro nro. 3448)

Detalles MARC
000 -LEADER
fixed length control field 00590nam a2200181Ia 4500
005 - DATE AND TIME OF LATEST TRANSACTION
control field 20251020182614.0
008 - FIXED-LENGTH DATA ELEMENTS--GENERAL INFORMATION
fixed length control field 200515s9999 xx 000 0 und d
082 ## - DEWEY DECIMAL CLASSIFICATION NUMBER
Classification number SC/691.328/G43
100 ## - MAIN ENTRY--PERSONAL NAME
Personal name GHIO CASTLLO, Virgilio
245 #0 - TITLE STATEMENT
Title Tecnología del concreto: eficiencia y competitividad en la construcción
260 ## - PUBLICATION, DISTRIBUTION, ETC.
Place of publication, distribution, etc. Lima
260 ## - PUBLICATION, DISTRIBUTION, ETC.
Date of publication, distribution, etc. 1994
300 ## - PHYSICAL DESCRIPTION
Extent 114
520 ## - SUMMARY, ETC.
Summary, etc. Contiene: artículos sobre, tecnología del concreto, aditivos, concretos masivos, concretos de alta resistencia, concretos estructurales ligeros,
650 ## - SUBJECT ADDED ENTRY--TOPICAL TERM
Topical term or geographic name entry element ADITIVOS
650 ## - SUBJECT ADDED ENTRY--TOPICAL TERM
Topical term or geographic name entry element CONCRETO
942 ## - ADDED ENTRY ELEMENTS (KOHA)
Koha item type Libros
Existencias
Fecha de la última vez que lo usaron Pago total Signatura topográfica completa Código de barras Precio efectivo desde Tipo de documento Estado perdido Estado dañado No es para préstamo Retirado Ubicación permanente Ubicación actual Fecha de adquisición
15/05/2020   SC/691.328/G43 Bib-Lima15053448 15/05/2020 Libros         Biblioteca Central Lima Biblioteca Central Lima 15/05/2020